<?xml version="1.0" encoding="UTF-8"?><?xml-stylesheet type="text/xsl" href="static/style.xsl"?><OAI-PMH xmlns="http://www.openarchives.org/OAI/2.0/" xmlns:xsi="http://www.w3.org/2001/XMLSchema-instance" xsi:schemaLocation="http://www.openarchives.org/OAI/2.0/ http://www.openarchives.org/OAI/2.0/OAI-PMH.xsd"><responseDate>2026-06-01T06:40:14Z</responseDate><request verb="GetRecord" identifier="oai:riuma.uma.es:10630/36376" metadataPrefix="marc">https://riuma.uma.es/rest/oai/request</request><GetRecord><record><header><identifier>oai:riuma.uma.es:10630/36376</identifier><datestamp>2026-02-03T11:23:08Z</datestamp><setSpec>com_10630_2254</setSpec><setSpec>col_10630_37953</setSpec></header><metadata><record xmlns="http://www.loc.gov/MARC21/slim" xmlns:dcterms="http://purl.org/dc/terms/" xmlns:doc="http://www.lyncode.com/xoai" xmlns:xsi="http://www.w3.org/2001/XMLSchema-instance" xsi:schemaLocation="http://www.loc.gov/MARC21/slim http://www.loc.gov/standards/marcxml/schema/MARC21slim.xsd">
   <leader>00925njm 22002777a 4500</leader>
   <datafield ind2=" " ind1=" " tag="042">
      <subfield code="a">dc</subfield>
   </datafield>
   <datafield ind2=" " ind1=" " tag="720">
      <subfield code="a">Muñoz-Velasco, Emilio José</subfield>
      <subfield code="e">author</subfield>
   </datafield>
   <datafield ind2=" " ind1=" " tag="720">
      <subfield code="a">Pelegrín, Mercedes</subfield>
      <subfield code="e">author</subfield>
   </datafield>
   <datafield ind2=" " ind1=" " tag="720">
      <subfield code="a">Sala, Pletro</subfield>
      <subfield code="e">author</subfield>
   </datafield>
   <datafield ind2=" " ind1=" " tag="720">
      <subfield code="a">Sciavicco, Guido</subfield>
      <subfield code="e">author</subfield>
   </datafield>
   <datafield ind2=" " ind1=" " tag="720">
      <subfield code="a">Stan, Ionel Eduard</subfield>
      <subfield code="e">author</subfield>
   </datafield>
   <datafield ind2=" " ind1=" " tag="260">
      <subfield code="c">2019</subfield>
   </datafield>
   <datafield ind2=" " ind1=" " tag="520">
      <subfield code="a">The primary characteristic of interval temporal logic is that intervals, rather than points, are taken as the primitive ontological entities. Given their generally bad computational behavior of interval temporal logics, several techniques exist to produce decidable and computationally affordable temporal logics based on intervals. In this paper we take inspiration from Golumbic and Shamir's coarser interval algebras, which generalize the classical Allen's Interval Algebra, in order to define two previously unknown variants of Halpern and Shoham's logic (HS) based on coarser relations. We prove that, perhaps surprisingly, the satisfiability problem for the coarsest of the two variants, namely HS3, not only is decidable, but PSpace-complete in the finite/discrete case, and PSpace-hard in any other case; besides proving its complexity bounds, we implement a tableau-based satisfiability checker for it and test it against a systematically generated benchmark. Our results are strengthened by showing that not all coarser-than-Allen's relations are a guarantee of decidability, as we prove that the second variant, namely &#xd;
, remains undecidable in all interesting cases.</subfield>
   </datafield>
   <datafield ind1="8" ind2=" " tag="024">
      <subfield code="a">Emilio Muñoz-Velasco, Mercedes Pelegrín, Pietro Sala, Guido Sciavicco, Ionel Eduard Stan, On coarser interval temporal logics, Artificial Intelligence, Volume 266, 2019, Pages 1-26, ISSN 0004-3702, https://doi.org/10.1016/j.artint.2018.09.001. (https://www.sciencedirect.com/science/article/pii/S0004370218305964)</subfield>
   </datafield>
   <datafield ind1="8" ind2=" " tag="024">
      <subfield code="a">https://hdl.handle.net/10630/36376</subfield>
   </datafield>
   <datafield ind1="8" ind2=" " tag="024">
      <subfield code="a">10.1016/j.artint.2018.09.001</subfield>
   </datafield>
   <datafield tag="653" ind2=" " ind1=" ">
      <subfield code="a">Modalidad (Lógica)</subfield>
   </datafield>
   <datafield ind2="0" ind1="0" tag="245">
      <subfield code="a">On Coarser Interval Temporal Logics</subfield>
   </datafield>
</record>
</metadata></record></GetRecord></OAI-PMH>